Física de dieléctricos: aplicación a los materiales y dispositivos electrónicos
Uloženo v:
| Hlavní autoři: | , |
|---|---|
| Médium: | Kniha |
| Jazyk: | španělština |
| Vydáno: |
Barcelona
Marcombo
1984
|
| Témata: | |
| Tagy: |
Přidat tag
Žádné tagy, Buďte první, kdo vytvoří štítek k tomuto záznamu!
|
MARC
| LEADER | 00000nam a2200000 a 4500 | ||
|---|---|---|---|
| 001 | UCQ9378 | ||
| 003 | CL-VaPUC | ||
| 008 | 981230e19840000SP |||||||||||||||||spa|d | ||
| 082 | 0 | 4 | |a 535 |b ALB |2 21 |
| 100 | |a Albella Martín, José María |e author |9 497360 | ||
| 700 | 0 | |a Martínez-Duart, José Manuel |e author |9 423882 | |
| 245 | 1 | 0 | |a Física de dieléctricos: aplicación a los materiales y dispositivos electrónicos |
| 300 | |a 250 p | ||
| 942 | |c BK | ||
| 945 | |d 19981230 00:00:00 |a aarredon | ||
| 260 | |a Barcelona |b Marcombo |c 1984 | ||
| 650 | 7 | |a OPTICA FISICA |2 CL-VaPUC |9 271669 | |
| 650 | 0 | |a Ondas electromagnéticas |9 354947 | |
| 650 | 7 | |a DIELECTRICOS |2 CL-VaPUC |9 423883 | |
| 650 | 0 | |a Polarización |9 354950 | |
| 650 | 7 | |a REFLECTANCIA |2 CL-VaPUC |9 423884 | |
| 650 | 7 | |a CAMPOS ELECTRICOS |2 CL-VaPUC |9 423885 | |
| 650 | 7 | |a CONDUCCION |2 CL-VaPUC |9 405442 | |
| 650 | 7 | |a CONDENSADORES |2 CL-VaPUC |9 401730 | |
| 650 | 7 | |a MICROELECTRONICA |2 CL-VaPUC |9 271910 | |
| 583 | |a last modification |c 19981230 00:00:00 |k Rodrigo Vera | ||
| 999 | |c 278394 |d 278392 | ||
| 952 | |0 0 |1 0 |4 0 |6 535_000000000000000_ALB_1984 |7 0 |8 A |9 316900 |a BIBCUR |b BIBCUR |d 2019-11-20 |i 3493555 |o 535 ALB 1984 |p 3493555 |r 2025-04-22 |w 2019-11-20 |y BK |k FIS | ||